1065 1107 1165 1155 1906 1878 1582 1921 1094 1259 1597 1784 1344 1642 1330 1682 1308 1365 1727 1861 1313 1153 1407 1914 1909 1944 1895 1749 1186 1776 1094 1912 1246 1877 1797 1606 1475 1005 1833 1384 1091 1246 1055 1224 1385 1758 1458 1883 1947 1677 1496 1854 1041 1855 1777 1615 1567 1854 1858 1863 1078 1723 1291 1239 1364 1981 1198 1832 1693 1113 1925 1337 1590 1113 1268 1690 1597 1883 1017 1124 1038 1242 1940 1476 1761 1101 1318 1176 1630 1356 1265 1245 1459 1751 1250 1859 1981 1526 1175 BCNSPRNW ULIB Ver.6.0+V

เปลี่ยนเป็นภาษาไทย

Change to English
 แสดงรายละเอียดบรรณานุกรม
  กลับหน้าหลัก

Brief Record : Get Marc (ISO 2709) : E-mail record : QR code < ปิดหน้าต่าง
LEADER : 00000nam 2200000uu 4500
001    13399113626
003     ULIB
008    111207s2552||||th 000 0 tha d
020    ^a9786117081163
090    ^aนว.^bศ381ว 2552
100 0  ^aศิกานต์
245 00 ^aวิมานรักทะเลทราย/^cศิกานต์
250    ^aพิมพ์ครั้งที่ 1
260    ^aกรุงเทพฯ :^bสมาร์ทบุ๊ค,^c2552
300    ^a240 หน้า
710 1  ^aสมาร์ทบุ๊ค
945    ^p180^l0^i15783
995    ^aทศพร
999 ^a ทศพร
รายการนี้ยังไม่มีแท็ก
คุณยังไม่ได้ล็อกอิน คุณสามารถมีกิจกรรมร่วมกับเว็บไซต์ได้ แต่ต้องล็อกอินก่อน ::
  ล็อกอิน

รายการสื่อสารสนเทศ

ลำดับที่ ประเภท เลขเรียก/บาร์โค้ด สถานที่ สถานะ
1. นวนิยาย
นวนิยาย
นว. ศ381ว 2552 ฉ.1 
  Barcode: 15783
ห้องสมุดวิทยาเขตสวรรค์ประชารักษ์
►นวนิยาย
บนชั้น
  ขอยืม

รายการใกล้เคียง
    ผู้แต่ง [ศิกานต์]

BibComment


ยังไม่เคยถูกคอมเมนท์

คอมเมนท์ทรัพยากรรายการนี้
  คอมเมนท์: วิมานรักทะเลทราย..


 Copyright 2026. Bcnsprnw @Library